Not My Fault - Renee Rapp (All Lyrics) - Statistics

General Stats
  • This quiz has been taken 29 times
  • The average score is 470 of 626
Answer Stats
Lyrics % Correct
a
100%
fault
100%
I
100%
in
100%
it
100%
It's
100%
love
100%
(Love
100%
me
100%
me?
100%
me)
100%
my
100%
no
100%
not
100%
with
100%
You
100%
you
100%
you're
100%
You're
100%
an,
95%
free
95%
get
95%
Get
95%
like
95%
like,
95%
can
89%
Can
89%
for
89%
got
89%
gotta
89%
her
89%
girl
84%
I'm
84%
to
84%
what?
84%
what
84%
What
84%
(What
84%
Who
84%
who
84%
am
79%
be
79%
but
79%
But
79%
came
79%
gay
79%
leave
79%
number,
79%
pay
79%
while
79%
"Amen?"
74%
(Amen;
74%
and
74%
And
74%
bite
74%
can't
74%
from?
74%
from
74%
might
74%
name
74%
or
74%
same
74%
she
74%
shit
74%
shit,
74%
so
74%
the
74%
then,
74%
tongue
74%
at?
68%
at?)
68%
back
68%
back?)
68%
back,
68%
before
68%
bored,
68%
do
68%
Excuse
68%
good
68%
know
68%
(Oh)
68%
Oh,
68%
oh,
68%
oh
68%
oh)
68%
on
68%
something!
68%
that
68%
that)
68%
this
68%
this),
68%
Where
68%
(Where
68%
blonde
63%
blonde),
63%
Kiss
63%
(Kiss
63%
kiss
63%
now
63%
thing
63%
bitch,
58%
Bitch
58%
bitch
58%
cause
58%
'Cause
58%
'cause
58%
friend
58%
is,
58%
is
58%
take
58%
Yeah,
58%
done?
53%
run,
53%
run
53%
Told
53%
told
53%
was
53%
We
53%
You've
53%
are
47%
commotion
47%
doin'?
47%
doin'?)
47%
flight
47%
George
47%
how
47%
pettiness,
47%
Regina
47%
risk
47%
she's
47%
(She's
47%
She's
47%
all
42%
all)
42%
(All
42%
bad
42%
bad),
42%
bad,
42%
black
42%
funny
42%
mean,
42%
mean
42%
stallion
42%
up
42%
us
42%
(Us
42%
wanna
42%
wouldn't
42%
(Ah)
37%
A.I.,
37%
A.I.
37%
ain't
37%
always
37%
been
37%
Bikini
37%
doors
37%
doors)
37%
if
37%
opean
37%
shorts,
37%
than
37%
they
37%
top,
37%
Trojan
37%
way
37%
woke
37%
about
32%
booty
32%
care
32%
enough
32%
hate
32%
hotter
32%
Pinterest
32%
there's
32%
yesterday
32%
yesterday,
32%
Any
26%
Don't
26%
hatin'
26%
rules
26%
thought
26%
y'all,
26%
coming
21%
core
21%
finna
21%
Megan
21%
more
21%
pussy
21%
share,
21%
that's
21%
ballin'
16%
Jenga
16%
money
16%
mood,
16%
motherfuckin'
16%
stapler,
16%
babe,
11%
borin'
11%
endorse
11%
(Hmm)
11%
(Hmm,
11%
hmm)
11%
(Huh)
11%
okay
11%
(Okay)
11%
painter
11%
anything
5%
dues
5%
influence,
5%
stack
5%
Stick
5%
uh-huh
5%
whores
5%
wiht
5%
(Baow)
0%
(Baow,
0%
baow,
0%
baow)
0%
baow
0%
sport
0%
stroked
0%
(Woo)
0%
woo)
0%
(Woo
0%
No matching quizzes found
Score Distribution
Percent of People with Each Score
Percentile by Number Answered
Your Score History
You have not taken this quiz